00874nam a2200205 a 450000100100000000500170001000800410002704000250006808200160009310000330010924501140014226000320025630000370028850400270032570000370035270000340038995201140042395201140053799900170065100003624420200930075630.0120111s1991 cu ad 000 0 spa d aDO-SdBNPbspacBNPHU axxxxbV141e1 aValcarcel Novo, Mario96233113aLa enfermedad meningococica en cuba /cMario Valcarcel Novo, Rodolfo Rodríguez Cruz, Hector Terry Molinert. aEl Vedado :bEcimed,c1991. a400 p. :bgráf., il. ;c24 cm. aIncluye Bibliografía12aRodríguez Cruz, Rodolfo96233212aTerry Molinert, Hector962333 001050718MOaGRbGRcCTd2012-01-11iLF1l0oxxxx V141ep36244-10r2020-06-25w2020-06-25y1ZNo se presta 001050718MOaGRbGRcCTd2012-01-11iLF1l0oxxxx V141ep36244-20r2020-06-25w2020-06-25y1ZNo se presta c35735d35735